000 00623nam a2200193Ia 4500
005 20250508151505.0
008 008 250505s9999 xx 000 0 eng d
037 _aTextual
040 _aFEDL
_beng
_cFEDL
041 _aeng
_2eng
084 _a901, DUR
_qFEDL
100 _aDurant Will
245 0 _aAge of faith: A history of medieval civilization-Christian, Islamic and Judaic- from Constantine to Danet: A. D. 325-1300
260 _aNew York, USA
_bSimon and Schuster
_c1950
300 _axviii,1196p
546 _aThe story of civilization
942 _cTEXL
_h901, DUR
999 _c1330138
_d1330138